000 00188 a2200097 4500
020 _a9788437280103
041 _aspa
100 _aHayes, Sarah
245 _aLa bella durmiente
942 _cBK
999 _c31966
_d31964